| 000 | 00000nas##2200000za#4500 |
| 001 | 9.513641 |
| 003 | CaOODSP |
| 005 | 20200331214709 |
| 007 | ta |
| 008 | 150406c1973||||xxc|| p #||||f| |0fre|d |
| 022 | |a0709-812X |
| 040 | |aCaOODSP|bfre |
| 043 | |an-cn--- |
| 086 | 1 |aT12-9F |
| 110 | 1 |aCanada.|bTransports Canada. |bAviation civile. |
| 245 | 10|aSécurité aérienne - nouvelles |
| 260 | |aOttawa - Ontario : |bTransports Canada. |
| 310 | |aTrimestriel |
| 362 | 1 |a5/78-- |
| 500 | |aNumérotation recommence chaque année avec no 1. |
| 520 | 3 |aContient des articles qui abordent tous les aspects de la sécurité aérienne, dont des observations en matière de sécurité formulées à la suite d’accidents et d’incidents, des renseignements sur la sécurité adaptés aux besoins du personnel de maintenance et d’entretien ainsi que des gestionnaires de l’aviation, et bien plus. |
| 563 | |aCouverture souple |
| 691 | 07|aAccident|2gcpds |
| 691 | 07|aRapport|2gcpds |
| 775 | 08|tAviation safety letter |w(CaOODSP)9.515216 |
| 776 | 0#|tSécurité aérienne, nouvelles |w(CaOODSP)9.501381 |
| 776 | 0#|tSécurité aérienne - nouvelles |w(CaOODSP)9.511241 |
| 776 | 0#|tAviation safety letter |w(CaOODSP)9.511240 |